| Tag |
First Indicator |
Second Indicator |
Subfields |
| LEADER |
00000pam a2200000 a 4500 |
| 001 |
in00000096606 |
| 005 |
20150924084731.0 |
| 008 |
810430s1981 dcu b 00110 eng |
| 010 |
|
|
|a 80005879
|
| 020 |
|
|
|a 0819115908 :
|c $17.75
|
| 020 |
|
|
|a 0819115916 (pbk.) :
|c $9.00
|
| 035 |
|
|
|a (OCoLC)07553558
|
| 035 |
|
|
|9 AAK8737AM
|
| 040 |
|
|
|a DLC
|c DLC
|d TXA
|d UtOrBLW
|
| 043 |
|
|
|a n-us-ma
|
| 049 |
|
|
|a TXAM
|c [952362]
|
| 050 |
0 |
0 |
|a F68
|b .B80876
|
| 082 |
0 |
|
|a 974.4/02
|2 19
|
| 100 |
1 |
|
|a Ogburn, Floyd.
|
| 245 |
1 |
0 |
|a Style as structure and meaning :
|b William Bradford's Of Plymouth Plantation /
|c Floyd Ogburn, Jr.
|
| 264 |
|
1 |
|a Washington, D.C. :
|b University Press of America,
|c [1981]
|
| 264 |
|
4 |
|c ©1981
|
| 300 |
|
|
|a iii, 163 pages ;
|c 22 cm.
|
| 336 |
|
|
|a text
|b txt
|2 rdacontent
|
| 337 |
|
|
|a unmediated
|b n
|2 rdamedia
|
| 338 |
|
|
|a volume
|b nc
|2 rdacarrier
|
| 500 |
|
|
|a Includes index.
|
| 504 |
|
|
|a Bibliography: pages 153-160.
|
| 536 |
|
|
|a From the library of Harrison T. Meserole, 2002.
|
| 600 |
1 |
0 |
|a Bradford, William,
|d 1590-1657.
|t History of Plymouth Plantation.
|
| 651 |
|
0 |
|a Massachusetts
|x History
|y New Plymouth, 1620-1691.
|
| 999 |
|
|
|a MARS
|
| 999 |
f |
f |
|s 6945064f-b9b7-3527-abb5-6849b1deb052
|i 2effd553-f723-3f3a-89b5-0b4da428e810
|t 0
|
| 952 |
f |
f |
|p ric
|a Texas A&M University
|b Rellis Campus
|c Joint Library Facility
|d Remote Storage
|t 0
|e F68 .B80876
|h Library of Congress classification
|i unmediated -- volume
|m A14830018959
|
| 998 |
f |
f |
|a F68 .B80876
|t 0
|l Remote Storage
|